An Investigation into Morphological and Semantic Features of English Medical Terms Containing Latin and Greek Affxe /

সংরক্ষণ করুন:
গ্রন্থ-পঞ্জীর বিবরন
প্রধান লেখক: Phạm Đặng Trâm Anh
অন্যান্য লেখক: Nguyen Thi Tuyet M.A huong dan
বিন্যাস: গবেষণাপত্র
ভাষা:English
প্রকাশিত: 2010.
বিষয়গুলি:
ট্যাগগুলো: ট্যাগ যুক্ত করুন
কোনো ট্যাগ নেই, প্রথমজন হিসাবে ট্যাগ করুন!
Thư viện lưu trữ: Mạng thư viện Đại học Đà Nẵng
LEADER 01375na a2200349 4500
001 000030976
003 5151
005 20221208144251.0
008 151001s2010 000 eng
040 0 |a LNN 
041 |a ENG 
082 |a 420.4  |b PH-A 
100 |a Phạm Đặng Trâm Anh 
245 3 |a An Investigation into Morphological and Semantic Features of English Medical Terms Containing Latin and Greek Affxe /  |c Phạm Đặng Trâm Anh. 
260 |c 2010. 
300 |a 98tr. : mh ; 30cm. 
502 |a M.A thesis in the English language. 
650 |a An Investigation into Morphological and Semantic Features of English Medical Terms Containing Latin and Greek Affxe, Semantic, 2010, Phạm Đặng Trâm Anh 
700 |a Nguyen Thi Tuyet  |b M.A  |c huong dan 
852 |c Luận văn Thạc sĩ 
OWN |a LNN 
AVA |a UDN50  |b LNN  |c English  |d 420.4 PH-A  |e available  |t Error 5001 Not defined in file expand_doc_bib_avail.  |f 1  |g 0  |h N  |i 0  |j AN  |k 1 
999 |a From the UDN01 
AVA |a UDN50  |b LNN  |c English  |d 420.4 PH-A  |e available  |t Error 5001 Not defined in file expand_doc_bib_avail.  |f 1  |g 0  |h N  |i 0  |j AN  |k 1 
TYP |a Dissertation 
TYP |a Printed language 
980 |a Mạng thư viện Đại học Đà Nẵng